Súčasný manažment vybraného podniku bakalárska práca

Enregistré dans:
Détails bibliographiques
Auteur principal: Švajdlenková, Sára
Collectivité auteur: Fakulta podnikového manažmentu EU. Katedra manažmentu
Autres auteurs: Mihalčín, Samuel, 1999-
Format: Livre
Langue:slovaque
Publié: Bratislava 2025
Tags: Ajouter un tag
Pas de tags, Soyez le premier à ajouter un tag!

MARC

LEADER 00000nbm a2200000 4500
001 0309840
005 20260323131426.9
041 0 |a slo 
044 |a SK 
245 1 0 |a Súčasný manažment vybraného podniku  |b bakalárska práca  |c Sára Švajdlenková ; školiteľ: Samuel Mihalčín 
264 1 |a Bratislava  |c 2025 
300 |a 47 s. 
100 1 |a Švajdlenková, Sára 
700 1 |a Mihalčín, Samuel, 1999- 
710 2 |a Fakulta podnikového manažmentu EU. Katedra manažmentu